[Event "Weekend Vitinia"]
[Site "Roma ITA"]
[Date "1997.11.??"]
[Round "3"]
[White "De Carolis, Massimo"]
[Black "Scagliarini, Bruno"]
[Result "0-1"]
[WhiteElo "1702"]
[BlackElo "1974"]
[PlyCount "42"]
[EventDate "1997.11.??"]

1. d4 e6 2. Nf3 Nf6 3. c4 c5 4. d5 b5 5. b3 Bb7 6. dxe6 fxe6 7. e3 b4 8. Bb2
Be7 9. Be2 O-O 10. O-O a5 11. a4 Nc6 12. Qc2 Qc7 13. Nbd2 Rad8 14. Rad1 h6 15.
Nh4 Bd6 16. Bxf6 Bxh2+ 17. Kh1 Rxf6 18. Ne4 Rf7 19. Bh5 Rff8 20. g3 Bxg3 21.
Nxg3 Nd4+ 0-1

[Event "Weekend Vitinia"]
[Site "Roma ITA"]
[Date "1997.11.??"]
[Round "3"]
[White "Di Lascio, Savino"]
[Black "Vanzan, Alessandro"]
[Result "1-0"]
[WhiteElo "1708"]
[BlackElo "1528"]
[PlyCount "69"]
[EventDate "1997.11.??"]

1. Nf3 Nf6 2. c4 g6 3. b4 Bg7 4. Bb2 O-O 5. g3 d6 6. Bg2 Nbd7 7. O-O Rb8 8. a4
b6 9. Nd4 Ne5 10. f4 Nxc4 11. Nc6 Nxb2 12. Qc2 Qe8 13. Nxb8 Be6 14. Nc6 Nd7 15.
Nc3 Nc4 16. Rac1 a6 17. Nd5 Bxd5 18. Bxd5 b5 19. Bxc4 bxc4 20. Qxc4 e5 21. f5
e4 22. e3 Nf6 23. Qxa6 g5 24. a5 g4 25. Qc4 d5 26. Qc5 h5 27. Ne7+ Kh8 28. Nxd5
Nd7 29. Qxc7 f6 30. Nf4 Ne5 31. Ne6 Nf3+ 32. Rxf3 Rg8 33. Rff1 Bh6 34. Qb7 h4
35. Rc7 1-0

[Event "Weekend Vitinia"]
[Site "Roma ITA"]
[Date "1997.11.??"]
[Round "3"]
[White "Galeno, Giorgio"]
[Black "Marzano, Carlo"]
[Result "0-1"]
[WhiteElo "1764"]
[BlackElo "2160"]
[PlyCount "40"]
[EventDate "1997.11.??"]

1. d4 e6 2. c4 Nf6 3. Nc3 d5 4. Bg5 Be7 5. e3 O-O 6. Bd3 Nbd7 7. Nge2 h6 8. Bh4
a6 9. h3 dxc4 10. Bxc4 b5 11. Bd3 Bb7 12. O-O c5 13. Rc1 Rc8 14. Bg3 Qb6 15.
Be5 Rfd8 16. f4 b4 17. Nb1 Qc6 18. Rf2 Ne4 19. Bxe4 Qxe4 20. Ng3 Qxe3 0-1

[Event "Weekend Vitinia"]
[Site "Roma ITA"]
[Date "1997.11.??"]
[Round "3"]
[White "Lavieri, Doriano"]
[Black "Moroni, Marco"]
[Result "1-0"]
[WhiteElo "1855"]
[BlackElo "1806"]
[PlyCount "75"]
[EventDate "1997.11.??"]

1. d4 d5 2. c4 e5 3. dxe5 d4 4. Nf3 Nc6 5. Nbd2 Bg4 6. g3 Bc5 7. Bg2 Nge7 8.
O-O Bxf3 9. Nxf3 Ng6 10. Qa4 Be7 11. Nxd4 O-O 12. Nxc6 bxc6 13. Rd1 Qc8 14.
Qxc6 Rb8 15. b3 Nxe5 16. Qe4 Ng6 17. Bb2 Re8 18. Qc2 Bc5 19. Rd5 Bb4 20. Rad1
Qg4 21. e3 Nf8 22. Bc3 Bxc3 23. Qxc3 Ne6 24. Qc2 g6 25. R1d2 Ng5 26. Qd1 Nh3+
27. Kf1 Qe6 28. Qf3 h6 29. Bxh3 Qxh3+ 30. Kg1 Qe6 31. Rd7 Rbc8 32. Qf4 g5 33.
Qd4 c5 34. Qd5 Qg6 35. h3 a6 36. Rd6 Qg7 37. Rxa6 Qa1+ 38. Kg2 1-0

[Event "Weekend Vitinia"]
[Site "Roma ITA"]
[Date "1997.11.??"]
[Round "3"]
[White "Ludovici, Roberto"]
[Black "Sternini, Cristiano"]
[Result "1/2-1/2"]
[WhiteElo "1728"]
[BlackElo "1582"]
[PlyCount "46"]
[EventDate "1997.11.??"]

1. e4 c5 2. Nf3 d6 3. Bc4 e6 4. Nc3 Nf6 5. O-O a6 6. e5 dxe5 7. Nxe5 Bd6 8. d4
O-O 9. Bg5 b5 10. Be2 Bb7 11. Bf3 Ra7 12. Bxb7 Rxb7 13. Qf3 Rc7 14. Ne4 Be7 15.
dxc5 Nxe4 16. Bxe7 Qxe7 17. Qxe4 Qxc5 18. c3 Nd7 19. Nxd7 Rxd7 20. Rad1 Qc7 21.
Qf3 Rfd8 22. Qe2 Rd5 23. Rxd5 Rxd5 1/2-1/2

[Event "Weekend Vitinia"]
[Site "Roma ITA"]
[Date "1997.11.??"]
[Round "3"]
[White "Luzi, Alessandro"]
[Black "Viscogliosi, Enzo"]
[Result "1-0"]
[WhiteElo "1540"]
[BlackElo "1732"]
[PlyCount "81"]
[EventDate "1997.11.??"]

1. e4 c5 2. Nf3 d6 3. d4 cxd4 4. Nxd4 Nf6 5. Nc3 a6 6. Be2 e6 7. Bg5 Be7 8. a4
b6 9. O-O Bb7 10. f3 Nbd7 11. Qd2 Qc7 12. Kh1 Rc8 13. Rfe1 O-O 14. Bd3 Ne5 15.
Qf2 Nc4 16. Bxc4 Qxc4 17. Nde2 Qb4 18. Rab1 Rfe8 19. Nf4 Ng4 20. Qh4 Bxg5 21.
Qxg5 Nf2+ 22. Kg1 Qd4 23. Kf1 a5 24. Re2 Rc5 25. Qg3 Nh1 26. Qe1 Rg5 27. Nd3
Rh5 28. g4 Rh3 29. Kg2 Qf6 30. Kxh3 Qxf3+ 31. Kh4 h6 32. Qf1 g5+ 33. Kh5 Ng3+
34. hxg3 Qxg3 35. Qh1 d5 36. Qh2 Qf3 37. Rf2 Qe3 38. Re1 Qd4 39. Qe5 Qxe5 40.
Nxe5 dxe4 41. Rxf7 1-0

[Event "Weekend Vitinia"]
[Site "Roma ITA"]
[Date "1997.11.??"]
[Round "3"]
[White "Matano, Arturo"]
[Black "Ricca, Roberto"]
[Result "0-1"]
[WhiteElo "1705"]
[BlackElo "2145"]
[PlyCount "46"]
[EventDate "1997.11.??"]

1. d4 f5 2. g3 Nf6 3. Bg2 g6 4. c4 Bg7 5. Nc3 d6 6. Nh3 O-O 7. O-O e5 8. dxe5
dxe5 9. Qb3 c6 10. Be3 Qe7 11. Na4 Na6 12. Rfd1 h6 13. Qc3 g5 14. f3 f4 15.
gxf4 exf4 16. Bd4 c5 17. Be5 Ne4 18. fxe4 Bxe5 19. Qe1 g4 20. Nf2 f3 21. exf3
gxf3 22. Bf1 Qg5+ 23. Kh1 Qf4 0-1

[Event "Weekend Vitinia"]
[Site "Roma ITA"]
[Date "1997.11.??"]
[Round "3"]
[White "Mazziotto, Nicola"]
[Black "De Francesco, Massimo"]
[Result "1-0"]
[WhiteElo "1570"]
[BlackElo "1740"]
[PlyCount "43"]
[EventDate "1997.11.??"]

1. e4 e6 2. d4 d5 3. e5 c5 4. c3 Nc6 5. Nf3 Qb6 6. a3 c4 7. Nbd2 Na5 8. Be2 Bd7
9. O-O Be7 10. Re1 O-O-O 11. b3 Qc7 12. bxc4 Nxc4 13. Nxc4 dxc4 14. Nd2 b5 15.
a4 a6 16. axb5 axb5 17. Ba3 Bxa3 18. Rxa3 Bc6 19. Qa1 Rd7 20. Bf3 Bxf3 21. gxf3
Qb6 22. Ra6 1-0

[Event "Weekend Vitinia"]
[Site "Roma ITA"]
[Date "1997.11.??"]
[Round "3"]
[White "Michelena, Rodolfo"]
[Black "Piccioni, Marco"]
[Result "1-0"]
[WhiteElo "1813"]
[BlackElo "1651"]
[PlyCount "39"]
[EventDate "1997.11.??"]

1. b4 e5 2. Bb2 d6 3. g3 Bd7 4. Bg2 Bc6 5. Nf3 g6 6. c4 a6 7. Nc3 b5 8. cxb5
axb5 9. a4 bxa4 10. b5 Bb7 11. Nxa4 Nd7 12. Qb3 Bg7 13. Nxe5 Bxe5 14. Bxb7 Rb8
15. Bd5 Nh6 16. Bxe5 Nxe5 17. d4 Nd7 18. Qe3+ Qe7 19. Qxh6 Rxb5 20. Nc3 1-0

[Event "Weekend Vitinia"]
[Site "Roma ITA"]
[Date "1997.11.??"]
[Round "3"]
[White "Passerotti, Pierluigi"]
[Black "Del Castello, Lucio"]
[Result "1-0"]
[WhiteElo "2310"]
[BlackElo "1552"]
[PlyCount "71"]
[EventDate "1997.11.??"]

1. d4 Nf6 2. Nf3 g6 3. c4 Bg7 4. Nc3 d5 5. Bf4 O-O 6. e3 c5 7. dxc5 Qa5 8. Rc1
Nc6 9. cxd5 Rd8 10. Bc4 Qxc5 11. Bb3 Qa5 12. O-O Bf5 13. Qe2 Nb4 14. e4 Bd7 15.
Rfd1 Rac8 16. h3 Na6 17. e5 Ne8 18. Bg5 Kf8 19. d6 e6 20. Be7+ Kg8 21. Bxd8
Rxd8 22. Ne4 Bc6 23. Rxc6 bxc6 24. Nd4 Nb8 25. Nxe6 fxe6 26. Bxe6+ Kh8 27. Ng5
Nxd6 28. Rxd6 Rxd6 29. Nf7+ Kg8 30. exd6 Bf6 31. b4 Qb6 32. d7 Kg7 33. Nd6 Qd4
34. Ne8+ Kh8 35. Nxf6 Qxf6 36. Qd1 1-0

[Event "Weekend Vitinia"]
[Site "Roma ITA"]
[Date "1997.11.??"]
[Round "3"]
[White "Pezzaldi, Roberto"]
[Black "Ferri, Stefano"]
[Result "0-1"]
[WhiteElo "2095"]
[BlackElo "1901"]
[PlyCount "122"]
[EventDate "1997.11.??"]

1. c4 Nf6 2. Nf3 g6 3. g3 Bg7 4. Bg2 O-O 5. O-O d5 6. cxd5 Nxd5 7. Nc3 Nb6 8.
d3 c6 9. Bf4 h6 10. Rc1 Re8 11. Qd2 Kh7 12. b4 e5 13. Be3 Nd5 14. Nxd5 cxd5 15.
Qc2 Be6 16. a3 Re7 17. b5 d4 18. Bd2 a6 19. Bb4 Rd7 20. Nd2 axb5 21. Qc8 Na6
22. Qxd8 Raxd8 23. Ba5 Rb8 24. Bb6 f5 25. Rb1 Rc8 26. Rxb5 Rc2 27. Ba5 Nc5 28.
Bb4 Na4 29. Rxb7 Rxb7 30. Bxb7 Nc3 31. Bxc3 dxc3 32. Nb1 Rb2 33. Nxc3 Rxb7 34.
a4 Rb3 35. Nb5 Bd7 36. Rc1 Bxb5 37. axb5 Rxb5 38. Rc7 Rb2 39. Kf1 g5 40. Rc6
Rb1+ 41. Kg2 Re1 42. Rc2 Kg6 43. h3 Bf6 44. f3 h5 45. Kf2 Rd1 46. Ra2 Rb1 47.
Rd2 Bd8 48. e3 Bb6 49. d4 Rb3 50. Ke2 exd4 51. exd4 f4 52. g4 h4 53. d5 Kf7 54.
Rd3 Rb2+ 55. Kd1 Ke7 56. d6+ Kd7 57. Rd5 Bd8 58. Rf5 Kxd6 59. Rf8 Be7 60. Rg8
Rh2 61. Rg6+ Kd7 0-1

[Event "Weekend Vitinia"]
[Site "Roma ITA"]
[Date "1997.11.??"]
[Round "3"]
[White "Quimi, Marco"]
[Black "Cellucci, Alessandro"]
[Result "1-0"]
[WhiteElo "2240"]
[BlackElo "1882"]
[PlyCount "55"]
[EventDate "1997.11.??"]

1. e4 g6 2. d4 Bg7 3. f4 d6 4. Nf3 c6 5. Nc3 Bg4 6. Be3 Qb6 7. Qd2 Nd7 8. Bc4
Bxf3 9. gxf3 Qc7 10. a4 Nb6 11. Bb3 a5 12. O-O-O Nf6 13. f5 gxf5 14. Rhg1 Bf8
15. Kb1 h5 16. Bg5 Nbd7 17. Rde1 Nh7 18. Bh4 Nhf6 19. e5 Bh6 20. Qd3 dxe5 21.
dxe5 Nc5 22. Bxf7+ Kxf7 23. Qc4+ Nd5 24. e6+ Nxe6 25. Nxd5 cxd5 26. Qxd5 Bf8
27. Qxe6+ Ke8 28. Qg6+ 1-0

[Event "Weekend Vitinia"]
[Site "Roma ITA"]
[Date "1997.11.??"]
[Round "3"]
[White "Ridolfi, Raffaele"]
[Black "Cordelli, Benedetto"]
[Result "1-0"]
[WhiteElo "1633"]
[BlackElo "1600"]
[PlyCount "111"]
[EventDate "1997.11.??"]

1. d4 Nf6 2. c4 e6 3. Nc3 Bb4 4. Qc2 d5 5. a3 Be7 6. cxd5 exd5 7. Bg5 O-O 8. e3
Be6 9. Bd3 Nbd7 10. Nf3 h6 11. Bh4 c5 12. O-O Rc8 13. Qb1 Re8 14. h3 a6 15. Bg3
c4 16. Bc2 Nh5 17. Bh2 f5 18. Bxf5 Bxf5 19. Qxf5 Nhf6 20. Nxd5 Nxd5 21. Qxd5+
Kh8 22. Qxb7 Bf6 23. Qxa6 Nb8 24. Qd6 Qa5 25. Qb4 Qf5 26. Ne5 Bxe5 27. Bxe5 Nc6
28. Qc3 Nxe5 29. dxe5 Rxe5 30. Rad1 Rec5 31. Rd4 R5c6 32. Rg4 Rf6 33. Rf4 Qg6
34. Rxf6 gxf6 35. Rd1 Rg8 36. g3 h5 37. Qxc4 Qf5 38. Qf4 Qg6 39. Rd6 Rf8 40. e4
Rf7 41. Qf5 Qh6 42. f4 Kg7 43. e5 fxe5 44. Qxf7+ Kxf7 45. Rxh6 exf4 46. gxf4
Kg7 47. Rxh5 Kg6 48. Rc5 Kf6 49. h4 Ke6 50. h5 Kd6 51. Rg5 Ke6 52. h6 Kf6 53.
h7 Kf7 54. h8=Q Ke6 55. Qh6+ Kd7 56. Rg7+ 1-0

[Event "Weekend Vitinia"]
[Site "Roma ITA"]
[Date "1997.11.??"]
[Round "3"]
[White "Scacco, Mauro"]
[Black "De Carolis, Maurizio"]
[Result "0-1"]
[WhiteElo "2045"]
[BlackElo "1702"]
[PlyCount "80"]
[EventDate "1997.11.??"]

1. e4 c5 2. Nf3 Nc6 3. Bb5 e6 4. O-O Nf6 5. Re1 a6 6. Bf1 Qc7 7. c3 b5 8. d4
cxd4 9. cxd4 Bb4 10. Bd2 Be7 11. Nc3 b4 12. Na4 O-O 13. Rc1 Qa7 14. Bf4 Bb7 15.
d5 Ng4 16. Qd2 Na5 17. h3 e5 18. Nxe5 Nxe5 19. Bxe5 Bc8 20. Bc7 Bd8 21. Bxd8
Rxd8 22. Qxb4 Nb7 23. Rc7 a5 24. Qe7 Qd4 25. Nc5 Qb4 26. Rc1 h6 27. Ba6 Rb8 28.
Bxb7 Bxb7 29. Rxb7 Qd2 30. Nb3 Qf4 31. g3 Qf3 32. Nd4 Qd3 33. Nf5 Qd2 34. Rcc7
Kh7 35. Qe5 Qg5 36. Kg2 Re8 37. Qd4 Rxb7 38. Rxb7 Rc8 39. f4 Rc2+ 40. Kf3 Qh5+
0-1

[Event "Weekend Vitinia"]
[Site "Roma ITA"]
[Date "1997.11.??"]
[Round "3"]
[White "Scagliarini, Valentina"]
[Black "Viscardi, Riccardo"]
[Result "1/2-1/2"]
[WhiteElo "1642"]
[BlackElo "1600"]
[PlyCount "56"]
[EventDate "1997.11.??"]

1. e4 c6 2. d4 d5 3. exd5 cxd5 4. Bd3 Nc6 5. c3 Nf6 6. Bg5 Bg4 7. f3 Bh5 8. Ne2
e6 9. O-O Be7 10. Nd2 O-O 11. Qc1 a6 12. f4 Bg6 13. Bxg6 hxg6 14. Rf3 Ne4 15.
Bxe7 Qxe7 16. Rh3 Nxd2 17. Qxd2 f6 18. Re1 Kf7 19. Qd3 Rh8 20. Rg3 Rh6 21. Nc1
Na5 22. Nb3 Nxb3 23. axb3 Re8 24. Rge3 Qd6 25. g3 Rhh8 26. R1e2 b5 27. b4 Re7
28. Re1 Ra8 1/2-1/2

[Event "Weekend Vitinia"]
[Site "Roma ITA"]
[Date "1997.11.??"]
[Round "3"]
[White "Simeoni, Matteo"]
[Black "Attanasi, Salvatore"]
[Result "1-0"]
[WhiteElo "1830"]
[BlackElo "1672"]
[PlyCount "57"]
[EventDate "1997.11.??"]

1. e4 e6 2. d4 d5 3. Nc3 Nf6 4. Bg5 Bb4 5. e5 h6 6. Be3 Bxc3+ 7. bxc3 Ne4 8.
Qg4 g6 9. Bd3 Nxc3 10. h4 Bd7 11. h5 g5 12. f4 Bb5 13. Bxb5+ Nxb5 14. fxg5 hxg5
15. Nf3 Nc6 16. h6 Qe7 17. Bxg5 Qb4+ 18. Bd2 Qb2 19. O-O Nbxd4 20. Rab1 Nxf3+
21. Qxf3 Qd4+ 22. Be3 Nxe5 23. Bxd4 Nxf3+ 24. Rxf3 Rxh6 25. Rxb7 Rh7 26. Rxc7
Rb8 27. Rxa7 Rb1+ 28. Kf2 Rc1 29. Rc3 1-0

[Event "Weekend Vitinia"]
[Site "Roma ITA"]
[Date "1997.11.??"]
[Round "3"]
[White "Siraco, Maurizio"]
[Black "Ferretti, Folco"]
[Result "0-1"]
[WhiteElo "1911"]
[BlackElo "2285"]
[PlyCount "114"]
[EventDate "1997.11.??"]

1. e4 e5 2. Nf3 Nc6 3. Bc4 Nf6 4. d3 h6 5. Nc3 d6 6. h3 Na5 7. O-O Nxc4 8. dxc4
Be7 9. c5 c6 10. cxd6 Qxd6 11. Qxd6 Bxd6 12. Rd1 Ke7 13. b3 Be6 14. Bb2 Rhd8
15. Rd3 Bc7 16. Rad1 Rxd3 17. Rxd3 Rd8 18. Ba3+ Ke8 19. Rxd8+ Kxd8 20. Bf8 Ne8
21. g4 f6 22. Kg2 Bd6 23. Bxd6 Nxd6 24. Nh4 b5 25. Kf3 b4 26. Ne2 g5 27. Nf5
Bxf5 28. gxf5 h5 29. Ke3 Kc7 30. c3 a5 31. cxb4 axb4 32. Kd3 h4 33. Ng1 Nb5 34.
Nf3 Nc3 35. Nh2 Nxa2 36. Ng4 Nc1+ 37. Kc4 Ne2 38. Nxf6 Nf4 39. Ng4 Kd6 40. Kxb4
Nxh3 41. Kc3 Ng1 42. Kd3 Nf3 43. Ke3 Nd4 44. f6 h3 45. f7 Ke7 46. b4 Kxf7 47.
Nxe5+ Ke6 48. Ng4 Nc2+ 49. Kf3 Nxb4 50. Kg3 c5 51. Kxh3 Nd3 52. Kg3 c4 53. Ne3
c3 54. Kg4 Ke5 55. f3 Ne1 56. Kxg5 Kd4 57. Nf5+ Kd3 0-1

[Event "Weekend Vitinia"]
[Site "Roma ITA"]
[Date "1997.11.??"]
[Round "3"]
[White "Spano' Cuomo, Gaetano"]
[Black "Marta, Daniele"]
[Result "1-0"]
[WhiteElo "1641"]
[BlackElo "1816"]
[PlyCount "69"]
[EventDate "1997.11.??"]

1. d4 Nf6 2. c4 g6 3. Nf3 Bg7 4. e3 O-O 5. Be2 d6 6. Nc3 Nbd7 7. O-O e5 8. Qc2
Re8 9. b3 c6 10. dxe5 dxe5 11. Rd1 Qc7 12. Bb2 Nc5 13. e4 a5 14. h3 Nh5 15. Bc1
Bd7 16. Be3 Ne6 17. c5 Red8 18. Na4 Be8 19. Nb6 Rxd1+ 20. Rxd1 Rd8 21. Bc4 Nd4
22. Bxd4 exd4 23. Qd2 Qe7 24. Qxa5 Qxe4 25. Re1 Qf4 26. Nd7 Rc8 27. Nde5 Bxe5
28. Nxe5 Qf6 29. Qd2 Rd8 30. Re4 b5 31. cxb6 c5 32. b7 Qb6 33. Qh6 Qxb7 34.
Nxg6 Ng7 35. Rh4 1-0

[Event "Weekend Vitinia"]
[Site "Roma ITA"]
[Date "1997.11.??"]
[Round "4"]
[White "Bruno, Fabio"]
[Black "Attanasi, Salvatore"]
[Result "1/2-1/2"]
[WhiteElo "2260"]
[BlackElo "1672"]
[PlyCount "95"]
[EventDate "1997.11.??"]

1. e4 e6 2. d4 d5 3. Nd2 Nf6 4. e5 Nfd7 5. f4 c5 6. c3 Nc6 7. Ndf3 cxd4 8. cxd4
Be7 9. g3 O-O 10. Bh3 Nb6 11. Ne2 Bd7 12. O-O Rc8 13. a3 Na5 14. b3 g6 15. Ra2
Bb5 16. a4 Bxe2 17. Rxe2 Nc6 18. Ref2 Nb4 19. Ng5 Rxc1 20. Qxc1 Nd3 21. Qc2
Nxf2 22. Rxf2 Qd7 23. Qd3 Rc8 24. Bg4 Rc1+ 25. Kg2 Qc6 26. Qd2 Rc3 27. Bd1 Bb4
28. Qe2 Rc1 29. Bc2 Be1 30. Qe3 Bxf2 31. Qxc1 Bxd4 32. Nf3 Bc5 33. Bd3 a6 34.
Qc2 Nd7 35. h4 Nf8 36. g4 Qb6 37. h5 Qb4 38. hxg6 hxg6 39. Qc1 Qxb3 40. Bxg6
Nxg6 41. Qxc5 Nxf4+ 42. Kg3 Ne2+ 43. Kf2 Qc3 44. Qd6 Qc2 45. Qd8+ Kg7 46. Qf6+
Kg8 47. Qd8+ Kg7 48. Qf6+ 1/2-1/2

[Event "Weekend Vitinia"]
[Site "Roma ITA"]
[Date "1997.11.??"]
[Round "4"]
[White "Campagna, Maurizio"]
[Black "Simeoni, Matteo"]
[Result "1-0"]
[WhiteElo "1573"]
[BlackElo "1830"]
[PlyCount "99"]
[EventDate "1997.11.??"]

1. d4 f5 2. e4 fxe4 3. Nc3 Nf6 4. Bg5 c6 5. Bxf6 exf6 6. Nxe4 d5 7. Ng3 Bd6 8.
Qd2 O-O 9. O-O-O f5 10. Nf3 f4 11. Ne2 Bg4 12. Neg1 Nd7 13. Bd3 Nf6 14. h3 Bh5
15. c3 Qa5 16. Kb1 Rae8 17. Re1 Ne4 18. Qc2 Bg6 19. Re2 b5 20. Nh4 Bf7 21. Ngf3
Be6 22. a3 Be7 23. Bxe4 dxe4 24. Rxe4 Bxh4 25. Nxh4 Qd8 26. Rhe1 Qf6 27. Qe2
Bc4 28. Qf3 Rxe4 29. Qxe4 Qxh4 30. Qxc6 Qf6 31. Qxf6 Rxf6 32. Kc2 Rg6 33. Re4
Rf6 34. b3 Be6 35. Re5 a6 36. d5 Bd7 37. c4 bxc4 38. bxc4 Kf7 39. Kd3 Bf5+ 40.
Kd4 Bc8 41. c5 f3 42. g3 Bxh3 43. d6 Re6 44. Rh5 Bf1 45. Kd5 Bd3 46. c6 Be4+
47. Kc5 h6 48. c7 Bb7 49. d7 Rc6+ 50. Kb4 1-0

[Event "Weekend Vitinia"]
[Site "Roma ITA"]
[Date "1997.11.??"]
[Round "4"]
[White "Capone, Gioacchino"]
[Black "Abuhamdieh, Arafat"]
[Result "0-1"]
[WhiteElo "1699"]
[BlackElo "1294"]
[PlyCount "112"]
[EventDate "1997.11.??"]

1. e4 e5 2. d4 exd4 3. f4 Nc6 4. Nf3 Bc5 5. Bd3 d5 6. e5 Bg4 7. O-O Qd7 8. a3
a5 9. Kh1 Nce7 10. Nbd2 Bb6 11. a4 Nf5 12. Bxf5 Bxf5 13. Re1 Ne7 14. Nb3 c5 15.
Qe2 O-O 16. Ng5 Be6 17. g4 h6 18. Nxe6 fxe6 19. Kg2 c4 20. Nd2 Rxf4 21. Kg3 Rf7
22. Nf3 Nc6 23. Bd2 Raf8 24. Rf1 Bc7 25. Kg2 Qe8 26. h4 Rd7 27. h5 g5 28. Rad1
Rdf7 29. b3 d3 30. cxd3 cxd3 31. Qxd3 Nxe5 32. Nxe5 Rxf1 33. Rxf1 Rxf1 34. Qxf1
Bxe5 35. Bxa5 Qc6 36. Qd3 d4+ 37. Kf2 Bg7 38. Bd2 e5 39. Qc4+ Qxc4 40. bxc4 Kf7
41. Kf3 Ke6 42. Bb4 Bf6 43. Bf8 Kf7 44. Bxh6 Be7 45. Ke4 Kg8 46. c5 Kh7 47.
Bxg5 Bxg5 48. a5 Bd8 49. c6 bxc6 50. a6 Bb6 51. g5 c5 52. Kd3 e4+ 53. Kxe4 c4
54. Kf3 d3 55. Kf4 c3 56. Kf5 d2 0-1

[Event "Weekend Vitinia"]
[Site "Roma ITA"]
[Date "1997.11.??"]
[Round "4"]
[White "Casella, Carlo"]
[Black "Luzi, Alessandro"]
[Result "0-1"]
[WhiteElo "1588"]
[BlackElo "1540"]
[PlyCount "62"]
[EventDate "1997.11.??"]

1. e4 d6 2. d4 Nf6 3. Nc3 g6 4. f4 Bg7 5. Nf3 O-O 6. h3 c6 7. Bd3 Qc7 8. Be3 a6
9. Qd2 b5 10. f5 c5 11. e5 dxe5 12. dxe5 Nfd7 13. Nd5 Qd8 14. e6 fxe6 15. fxe6
Ne5 16. Nxe5 Qxd5 17. Nf3 c4 18. Be2 Qxd2+ 19. Nxd2 Bb7 20. Bc5 Bxg2 21. Rh2
Bd5 22. O-O-O Be5 23. Rhh1 Bxh1 24. Rxh1 Nc6 25. Bf3 Rac8 26. Re1 c3 27. bxc3
Bxc3 28. Re3 Bd4 29. Bxd4 Nxd4 30. c3 Nxf3 31. Nxf3 b4 0-1

[Event "Weekend Vitinia"]
[Site "Roma ITA"]
[Date "1997.11.??"]
[Round "4"]
[White "Cellucci, Alessandro"]
[Black "Siraco, Maurizio"]
[Result "1/2-1/2"]
[WhiteElo "1882"]
[BlackElo "1911"]
[PlyCount "49"]
[EventDate "1997.11.??"]

1. e4 c5 2. Nf3 Nc6 3. d4 cxd4 4. Nxd4 Nf6 5. Nc3 g6 6. Be3 Bg7 7. f3 O-O 8.
Bc4 Qb6 9. Qd2 Nxe4 10. fxe4 Bxd4 11. Bxd4 Qxd4 12. Qxd4 Nxd4 13. O-O-O Nc6 14.
Nd5 Kg7 15. Bb5 e6 16. Bxc6 bxc6 17. Ne7 d5 18. Nxc6 dxe4 19. Rd4 f5 20. Kd2
Kf6 21. Ke3 Bb7 22. Na5 f4+ 23. Ke2 Ba6+ 24. c4 Kf5 25. Rhd1 1/2-1/2

[Event "Weekend Vitinia"]
[Site "Roma ITA"]
[Date "1997.11.??"]
[Round "4"]
[White "De Blasio, Alessandro"]
[Black "Matano, Arturo"]
[Result "1-0"]
[WhiteElo "1570"]
[BlackElo "1705"]
[PlyCount "103"]
[EventDate "1997.11.??"]

1. e4 g6 2. d4 Bg7 3. c3 d6 4. Bc4 Nf6 5. Qe2 O-O 6. f4 d5 7. exd5 Nxd5 8. Nf3
Bg4 9. O-O c6 10. h3 Bxf3 11. Rxf3 e6 12. Nd2 Nf6 13. b3 Nbd7 14. Ba3 Re8 15.
Bd6 Nb6 16. Be5 Nbd5 17. Ne4 Nxe4 18. Bxg7 Nexc3 19. Qe5 f6 20. Bxf6 Ne2+ 21.
Qxe2 Qxf6 22. Qe5 Qxe5 23. dxe5 Rf8 24. Bxd5 cxd5 25. Rd1 Rac8 26. g4 Rc2 27.
a4 Re2 28. Rc1 Re4 29. Rc7 Rb4 30. a5 Rf7 31. Rc8+ Kg7 32. Re8 Rbxf4 33. Rxf4
Rxf4 34. Rxe6 Kf7 35. Rd6 Rd4 36. Rd7+ Ke6 37. Rxb7 Kxe5 38. Rxa7 Rb4 39. Rxh7
Rxb3 40. a6 Ra3 41. a7 Ra2 42. h4 Kf4 43. h5 d4 44. h6 Kg3 45. Kf1 d3 46. Ke1
Re2+ 47. Kd1 Re8 48. Re7 Rf8 49. Re3+ Kxg4 50. Rxd3 Kg5 51. h7 Kh6 52. Rh3+ 1-0

[Event "Weekend Vitinia"]
[Site "Roma ITA"]
[Date "1997.11.??"]
[Round "4"]
[White "De Carolis, Maurizio"]
[Black "Passerotti, Pierluigi"]
[Result "0-1"]
[WhiteElo "1702"]
[BlackElo "2310"]
[PlyCount "125"]
[EventDate "1997.11.??"]

1. d4 f5 2. Nf3 Nf6 3. g3 g6 4. Bg2 Bg7 5. O-O O-O 6. c3 e6 7. Bf4 h6 8. h4 d6
9. Qc2 Nc6 10. Na3 Qe7 11. Rad1 e5 12. dxe5 dxe5 13. Be3 Ng4 14. Bc1 Be6 15.
Nh2 Nxh2 16. Kxh2 e4 17. f4 Qc5 18. Qd2 Rfd8 19. Qe3 Qxe3 20. Bxe3 Bxa2 21. g4
Be6 22. gxf5 gxf5 23. Bh3 a6 24. Rg1 Rxd1 25. Rxd1 Kf7 26. Nc2 Re8 27. Bc5 b6
28. Ba3 Rd8 29. Rxd8 Nxd8 30. Nd4 Bxd4 31. cxd4 Nc6 32. d5 Bxd5 33. Bxf5 Nd4
34. Bg4 c5 35. b4 Nc2 36. bxc5 Nxa3 37. cxb6 Nc4 38. Bc8 Nxb6 39. Bxa6 Bc4 40.
Bb7 Nd5 41. Kg3 Kg6 42. e3 Nf6 43. Bc8 Nh5+ 44. Kf2 Ng7 45. Bb7 Bd3 46. Bc6 Kf6
47. Bd7 Nf5 48. h5 Ng7 49. Bg4 Bc4 50. Kg3 Bf7 51. Bd1 Bxh5 52. Bc2 Nf5+ 53.
Kf2 Bf3 54. Bb3 h5 55. Bc4 Nh6 56. Kg3 Ng4 57. Bd5 Nxe3 58. Bc6 Nf5+ 59. Kh3
Ke6 60. Bb7 Kd6 61. Ba8 Kc5 62. Bb7 Kb6 63. Bc8 0-1

[Event "Weekend Vitinia"]
[Site "Roma ITA"]
[Date "1997.11.??"]
[Round "4"]
[White "Ferretti, Folco"]
[Black "Quimi, Marco"]
[Result "1-0"]
[WhiteElo "2285"]
[BlackElo "2240"]
[PlyCount "31"]
[EventDate "1997.11.??"]

1. e4 c5 2. c3 b6 3. d4 Bb7 4. Bd3 d6 5. Nf3 Nd7 6. O-O e5 7. dxe5 dxe5 8. Bb5
f6 9. Nxe5 fxe5 10. Qh5+ Ke7 11. Rd1 Ngf6 12. Bg5 Bc8 13. f4 Qc7 14. Rd5 h6 15.
Rxe5+ Nxe5 16. Qe8+ 1-0

[Event "Weekend Vitinia"]
[Site "Roma ITA"]
[Date "1997.11.??"]
[Round "4"]
[White "Ferri, Stefano"]
[Black "Steinfl, Alessandro"]
[Result "0-1"]
[WhiteElo "1901"]
[BlackElo "2270"]
[PlyCount "76"]
[EventDate "1997.11.??"]

1. d4 c5 2. e4 cxd4 3. c3 d3 4. Bxd3 d6 5. Be3 Nc6 6. f4 g6 7. Nf3 Bg7 8. O-O
Nf6 9. h3 O-O 10. Qe1 e5 11. Na3 d5 12. Nxe5 Nxe5 13. fxe5 Nxe4 14. Bxe4 dxe4
15. Bd4 Qg5 16. Qxe4 Bxh3 17. Be3 Bxg2 18. Bxg5 Bxe4 19. Rfe1 Bc6 20. Be7 Rfe8
21. Bd6 Rad8 22. Nc4 Bd5 23. Na3 a6 24. c4 Be6 25. c5 f6 26. b4 fxe5 27. Bxe5
Bd5 28. Bxg7 Kxg7 29. b5 axb5 30. Nxb5 Rc8 31. Rec1 Re2 32. Nd6 Rg2+ 33. Kf1
Rf8+ 34. Ke1 Rff2 35. Rc3 Rb2 36. Kf1 Rh2 37. Rg3 Rh1+ 38. Rg1 Bg2+ 0-1

[Event "Weekend Vitinia"]
[Site "Roma ITA"]
[Date "1997.11.??"]
[Round "4"]
[White "Iacoacci, Giancarlo"]
[Black "Scagliarini, Valentina"]
[Result "0-1"]
[WhiteElo "1600"]
[BlackElo "1642"]
[PlyCount "124"]
[EventDate "1997.11.??"]

1. d4 d5 2. Nf3 e6 3. e3 Nf6 4. Bd3 Nbd7 5. Nbd2 Be7 6. O-O O-O 7. Re1 c5 8. b3
b6 9. Bb2 Bb7 10. e4 dxe4 11. Nxe4 Nxe4 12. Bxe4 Bxe4 13. Rxe4 Nf6 14. Re1 Rc8
15. Qe2 cxd4 16. Bxd4 Bc5 17. Red1 Qe7 18. c4 Rfd8 19. a4 Bxd4 20. Rxd4 Rxd4
21. Nxd4 Qc5 22. Nf3 Rd8 23. h3 Qd6 24. a5 h6 25. axb6 axb6 26. Qe3 Nd7 27. Qd4
Qxd4 28. Nxd4 Nc5 29. Nc6 Nxb3 30. Rb1 Rd6 31. Ne7+ Kf8 32. Nc8 Rc6 33. Na7 Nd2
34. Rd1 Rc7 35. Nb5 Rd7 36. Rc1 Ke7 37. Rc2 Ne4 38. f3 Nd6 39. Na3 Ra7 40. Rc3
Kd7 41. Nb5 Nxb5 42. cxb5 Ra1+ 43. Kh2 Rb1 44. Ra3 Ke7 45. g4 Rxb5 46. Kg3 Rb1
47. h4 Kf6 48. Kf4 b5 49. Ra6 g5+ 50. hxg5+ hxg5+ 51. Ke3 b4 52. Rb6 b3 53. Rb7
b2 54. Kd2 Rf1 55. Rxb2 Rf2+ 56. Kc3 Rxb2 57. Kxb2 Ke5 58. Kc3 Kf4 59. Kd4 Kxf3
60. Ke5 Kxg4 61. Ke4 f5+ 62. Ke3 Kg3 0-1